000 00296nam a2200121Ia 4500
005 20260328101445.0
008 260328s9999||||xx |||||||||||||| ||und||
100 _aMaritain, Jacques
245 0 _aGeorges Rouault /
_cJacques Maritain
260 _bHarry N. Abrams
650 _aPINTURA
942 _cBK
999 _c8427
_d8427